|
|
|
|
| LEADER |
00000nam0a2200000 4500 |
| 001 |
151441 |
| 005 |
20231031150707.0 |
| 010 |
|
|
|a 5280006009
|
| 020 |
|
|
|a RU
|b 89-10921
|
| 035 |
|
|
|a (RuTPU)RU\TPU\book\164207
|
| 090 |
|
|
|a 151441
|
| 100 |
|
|
|a 20090123d1989 m y0rusy5003 ca
|
| 101 |
1 |
|
|a rus
|c est
|
| 102 |
|
|
|a RU
|
| 105 |
|
|
|a c z 000ay
|
| 200 |
1 |
|
|a Избранное
|e пер. с эст.
|f А. Хинт
|g сост. А. Тамм ; авт. предисл. А. М. Борщаговский
|
| 210 |
|
|
|a Ленинград
|c Художественная литература
|c Ленингр. отд-ние
|d 1989
|
| 215 |
|
|
|a 845 с., 1 л. портр.
|d 21 см
|
| 610 |
1 |
|
|a эстонская литература
|
| 610 |
1 |
|
|a романы
|
| 675 |
|
|
|a 894.5
|z rus
|
| 700 |
|
1 |
|a Хинт
|b А.
|g Ааду
|4 070
|
| 702 |
|
1 |
|a Тамм
|b А.
|4 220
|
| 702 |
|
1 |
|a Борщаговский
|b А. М.
|4 080
|
| 801 |
|
0 |
|a RU
|b RuMRKP
|c 19950417
|g psbo
|
| 801 |
|
1 |
|a RU
|b 63413507
|c 20090123
|g PSBO
|
| 801 |
|
2 |
|a RU
|b 63413507
|c 20090123
|g PSBO
|
| 942 |
|
|
|c BK
|